[Event "George Trundle NZ Masters 2017"]
[Site "Auckland, NZL"]
[Date "2017.09.30"]
[Round "1.1"]
[White "Ang, Alphaeus Wei Ern"]
[Black "Chan, Peng Kong"]
[Result "1/2-1/2"]
[BlackElo "2170"]
[WhiteElo "2228"]
[LiveChessVersion "1.4.8"]

1. d4 {[%clk 1:30:58]} Nf6 {[%clk 1:30:55]} 2. c4 {[%clk 1:31:21]} e6
{[%clk 1:31:13]} 3. Nc3 {[%clk 1:31:46]} Bb4 {[%clk 1:30:48]} 4. e3
{[%clk 1:30:21]} O-O {[%clk 1:29:53]} 5. Bd3 {[%clk 1:30:41]} d5 {[%clk 1:30:07]}
6. Nf3 {[%clk 1:31:07]} c5 {[%clk 1:30:28]} 7. O-O {[%clk 1:31:30]} dxc4
{[%clk 1:30:15]} 8. Bxc4 {[%clk 1:31:52]} cxd4 {[%clk 1:30:41]} 9. exd4
{[%clk 1:32:10]} b6 {[%clk 1:30:53]} 10. Qb3 {[%clk 1:28:58]} Bxc3
{[%clk 1:30:52]} 11. bxc3 {[%clk 1:29:02]} Bb7 {[%clk 1:31:10]} 12. Be2
{[%clk 1:24:44]} Nbd7 {[%clk 1:29:42]} 13. c4 {[%clk 1:07:11]} Qc7
{[%clk 1:28:35]} 14. h3 {[%clk 1:02:52]} Rac8 {[%clk 1:26:46]} 15. Bg5
{[%clk 0:58:27]} h6 {[%clk 1:24:41]} 16. Bh4 {[%clk 0:46:06]} Nh5
{[%clk 1:20:19]} 17. Nd2 {[%clk 0:38:45]} Qf4 {[%clk 1:18:10]} 18. Bxh5
{[%clk 0:37:06]} Qxh4 {[%clk 1:18:22]} 19. Bf3 {[%clk 0:36:36]} Bxf3
{[%clk 1:02:29]} 20. Nxf3 {[%clk 0:24:28]} Qf4 {[%clk 1:02:27]} 21. a4
{[%clk 0:22:31]} Rc7 {[%clk 0:56:44]} 22. a5 {[%clk 0:19:14]} bxa5
{[%clk 0:53:08]} 23. Rxa5 {[%clk 0:18:07]} Rfc8 {[%clk 0:53:09]} 24. c5
{[%clk 0:16:10]} Nb8 {[%clk 0:51:49]} 25. Ra4 {[%clk 0:13:34]} Qf6
{[%clk 0:49:05]} 26. Ne5 {[%clk 0:12:39]} Nc6 {[%clk 0:44:04]} 27. Nxc6
{[%clk 0:08:45]} Rxc6 {[%clk 0:44:33]} 28. Rxa7 {[%clk 0:08:01]} Qxd4
{[%clk 0:44:03]} 29. Qb7 {[%clk 0:06:46]} Qf4 {[%clk 0:39:30]} 30. Ra8
{[%clk 0:05:58]} Qc7 {[%clk 0:39:29]} 31. Qxc7 {[%clk 0:05:23]} R6xc7
{[%clk 0:39:50]} 32. Rxc8+ {[%clk 0:05:43]} Rxc8 {[%clk 0:40:14]} 33. Rc1
{[%clk 0:06:07]} Kf8 {[%clk 0:39:49]} 34. f4 {[%clk 0:04:05]} Ke7
{[%clk 0:39:01]} 35. Kf2 {[%clk 0:04:32]} Kd7 {[%clk 0:27:18]} 36. Ke3
{[%clk 0:04:53]} Kc6 {[%clk 0:27:29]} 37. Ra1 {[%clk 0:02:02]} Kd5
{[%clk 0:19:28]} 38. Ra7 {[%clk 0:01:23]} Rxc5 {[%clk 0:18:46]} 39. Rxf7
{[%clk 0:01:03]} Rc3+ {[%clk 0:18:40]} 40. Kf2 {[%clk 0:30:45]} Ke4
{[%clk 0:46:47]} 41. Rxg7 {[%clk 0:29:26]} Kxf4 {[%clk 0:47:05]} 42. Rg6
{[%clk 0:27:07]} Rc2+ {[%clk 0:47:27]} 43. Kf1 {[%clk 0:23:23]} e5
{[%clk 0:46:33]} 44. Rxh6 {[%clk 0:20:53]} e4 {[%clk 0:43:46]} 45. Re6
{[%clk 0:19:17]} Ke3 {[%clk 0:28:08]} 46. g4 {[%clk 0:16:51]} Rh2
{[%clk 0:22:11]} 47. g5 {[%clk 0:15:00]} Rxh3 {[%clk 0:21:34]} 48. g6
{[%clk 0:14:04]} Rg3 {[%clk 0:21:47]} 49. Ra6 {[%clk 0:13:47]} Rg5
{[%clk 0:21:53]} 50. Ra3+ {[%clk 0:11:37]} Kf4 {[%clk 0:22:04]} 51. Ke2
{[%clk 0:07:35]} Rg2+ {[%clk 0:22:13]} 52. Ke1 {[%clk 0:06:25]} Rxg6
{[%clk 0:21:47]} 53. Ke2 {[%clk 0:06:34]} Rg2+ {[%clk 0:22:06]} 54. Ke1
{[%clk 0:06:44]} Rb2 {[%clk 0:22:31]} 55. Rc3 {[%clk 0:06:24]} Ra2
{[%clk 0:22:20]} 56. Rb3 {[%clk 0:06:48]} Ra1+ {[%clk 0:22:05]} 57. Ke2
{[%clk 0:07:11]} Ra2+ {[%clk 0:22:06]} 58. Ke1 {[%clk 0:07:36]} Ke5
{[%clk 0:19:15]} 59. Rc3 {[%clk 0:07:44]} Kd5 {[%clk 0:19:36]} 60. Rb3
{[%clk 0:07:50]} Kc4 {[%clk 0:19:23]} 61. Re3 {[%clk 0:07:18]} Kd4
{[%clk 0:17:51]} 62. Rh3 {[%clk 0:07:41]} Rc2 {[%clk 0:17:14]} 63. Rg3
{[%clk 0:07:36]} Rc1+ {[%clk 0:15:42]} 64. Kd2 {[%clk 0:07:31]} Ra1
{[%clk 0:16:04]} 65. Ke2 {[%clk 0:07:50]} Ra2+ {[%clk 0:16:25]} 66. Ke1
{[%clk 0:08:14]} Rc2 {[%clk 0:15:42]} 67. Rh3 {[%clk 0:08:29]} Rc3
{[%clk 0:15:52]} 68. Rxc3 {[%clk 0:08:38]} Kxc3 {[%clk 0:16:16]} 69. Ke2
{[%clk 0:09:04]} Kd4 {[%clk 0:16:43]} 70. Kd2 {[%clk 0:09:30]} e3+
{[%clk 0:16:25]} 71. Ke2 {[%clk 0:09:57]} Ke4 {[%clk 0:16:52]} 72. Ke1
{[%clk 0:10:24]} Kd3 {[%clk 0:16:57]} 73. Kd1 {[%clk 0:10:51]} e2+
{[%clk 0:17:21]} 74. Ke1 {[%clk 0:11:16]} Ke3 {[%clk 0:17:47]} 1/2-1/2

[Event "George Trundle NZ Masters 2017"]
[Site "Auckland, NZL"]
[Date "2017.09.30"]
[Round "1.2"]
[White "Smith, Robert W"]
[Black "Johansen, Darryl K"]
[Result "0-1"]
[BlackElo "2380"]
[WhiteElo "2230"]
[LiveChessVersion "1.4.8"]

1. d4 {[%clk 1:30:57]} Nf6 {[%clk 1:30:40]} 2. c4 {[%clk 1:31:21]} e6
{[%clk 1:30:59]} 3. Nf3 {[%clk 1:31:38]} d5 {[%clk 1:30:53]} 4. e3
{[%clk 1:28:49]} c5 {[%clk 1:30:52]} 5. Nbd2 {[%clk 1:25:09]} Nc6
{[%clk 1:29:55]} 6. Be2 {[%clk 1:25:26]} cxd4 {[%clk 1:25:25]} 7. exd4
{[%clk 1:25:55]} dxc4 {[%clk 1:25:18]} 8. Nxc4 {[%clk 1:26:17]} Bb4+
{[%clk 1:25:18]} 9. Kf1 {[%clk 1:26:39]} O-O {[%clk 1:24:53]} 10. a3
{[%clk 1:20:36]} Be7 {[%clk 1:24:53]} 11. Bd3 {[%clk 1:20:52]} b6
{[%clk 1:22:22]} 12. Kg1 {[%clk 1:09:48]} Bb7 {[%clk 1:18:35]} 13. Bc2
{[%clk 1:06:21]} Rc8 {[%clk 1:18:07]} 14. Qd3 {[%clk 1:05:35]} Nxd4
{[%clk 0:59:28]} 15. Nxd4 {[%clk 1:05:39]} Be4 {[%clk 0:58:25]} 16. Qc3
{[%clk 1:02:43]} Bxc2 {[%clk 0:56:52]} 17. Nxc2 {[%clk 1:02:38]} b5
{[%clk 0:56:27]} 18. b3 {[%clk 0:57:07]} bxc4 {[%clk 0:55:54]} 19. Bb2
{[%clk 0:51:25]} cxb3 {[%clk 0:55:41]} 20. Qxb3 {[%clk 0:51:49]} Qd2
{[%clk 0:54:45]} 21. Nb4 {[%clk 0:48:58]} Ne4 {[%clk 0:48:29]} 22. Nd3
{[%clk 0:45:08]} Rfd8 0-1

[Event "George Trundle NZ Masters 2017"]
[Site "Auckland, NZL"]
[Date "2017.09.30"]
[Round "1.3"]
[White "Reilly, Tim"]
[Black "Croad, Nicholas"]
[Result "1/2-1/2"]
[BlackElo "2247"]
[WhiteElo "2153"]
[LiveChessVersion "1.4.8"]

1. d4 {[%clk 1:30:58]} Nf6 {[%clk 1:30:56]} 2. c4 {[%clk 1:31:13]} e6
{[%clk 1:31:20]} 3. Nc3 {[%clk 1:31:32]} Bb4 {[%clk 1:31:44]} 4. e3
{[%clk 1:31:46]} O-O {[%clk 1:32:07]} 5. Bd3 {[%clk 1:31:53]} d5 {[%clk 1:32:28]}
6. cxd5 {[%clk 1:31:39]} exd5 {[%clk 1:32:52]} 7. Nge2 {[%clk 1:32:04]} Re8
{[%clk 1:33:01]} 8. O-O {[%clk 1:32:25]} c5 {[%clk 1:33:18]} 9. a3
{[%clk 1:30:32]} Bxc3 {[%clk 1:33:39]} 10. bxc3 {[%clk 1:30:48]} b6
{[%clk 1:34:01]} 11. f3 {[%clk 1:29:45]} Ba6 {[%clk 1:34:19]} 12. Ng3
{[%clk 1:27:36]} Bxd3 {[%clk 1:34:35]} 13. Qxd3 {[%clk 1:27:55]} Nc6
{[%clk 1:34:59]} 14. Ra2 {[%clk 1:26:23]} Qd7 {[%clk 1:34:23]} 15. Re2
{[%clk 1:25:24]} Rad8 {[%clk 1:31:33]} 16. Bb2 {[%clk 1:24:26]} h5
{[%clk 1:29:12]} 17. Rd1 {[%clk 1:17:02]} h4 {[%clk 1:15:13]} 18. Nh1
{[%clk 1:13:55]} cxd4 {[%clk 1:12:31]} 19. cxd4 {[%clk 1:14:02]} Nh5
{[%clk 1:07:00]} 20. Nf2 {[%clk 1:11:41]} Qe6 {[%clk 0:59:39]} 21. Nh3
{[%clk 1:02:50]} Ne7 {[%clk 0:51:35]} 22. e4 {[%clk 0:57:29]} Ng6
{[%clk 0:49:29]} 23. Bc1 {[%clk 0:56:40]} Rc8 {[%clk 0:43:01]} 24. Ree1
{[%clk 0:43:28]} Qc6 {[%clk 0:39:26]} 25. e5 {[%clk 0:37:24]} Qc2
{[%clk 0:34:51]} 26. Qb5 {[%clk 0:36:21]} Qc6 {[%clk 0:32:47]} 27. Qd3
{[%clk 0:34:33]} Qc2 {[%clk 0:33:13]} 28. Qb5 {[%clk 0:34:43]} Qc6
{[%clk 0:30:17]} 1/2-1/2

[Event "George Trundle NZ Masters 2017"]
[Site "Auckland, NZL"]
[Date "2017.09.30"]
[Round "1.5"]
[White "Gong, Daniel Hanwen"]
[Black "Hague, Ben"]
[Result "1/2-1/2"]
[BlackElo "2365"]
[WhiteElo "2252"]
[LiveChessVersion "1.4.8"]

1. d4 Nf6 2. Bf4 d5 3. e3 c5 4. Nf3 Nc6 5. Nbd2 Qb6 6. dxc5 Qxb2 7. Rb1 Qc3 8.
Bb5 e6 9. O-O Qxc5 10. c4 a6 11. Nb3 Qa3 12. cxd5 Nxd5 13. Bxc6+ bxc6 14. Be5 f6
15. e4 fxe5 16. exd5 cxd5 17. Nxe5 g6 18. Qf3 Qe7 19. Nd4 Bg7 20. Rfe1 Bf6 21.
Nec6 Qf7 22. Nxe6 Bxe6 23. Qxd5 O-O 24. Qxe6 Rac8 25. Rb7 Qxe6 26. Rxe6 Rfe8 27.
Rxe8+ Rxe8 28. Rb8 Kf7 29. Rxe8 Kxe8 30. Nb4 Kd7 31. Kf1 a5 32. Nd3 Kd6 33. Ke2
Kd5 34. Kd2 Kc4 35. Kc2 a4 36. h3 Bd4 37. f3 Bf6 38. Nf2 Be7 39. Ne4 a3 40. Kd2
Kd4 41. g3 Bd8 42. Ke2 Be7 43. g4 h6 44. Kd2 Bb4+ 45. Ke2 Be7 46. Nd2 Kc3 47. Nb3
Bg5 48. Nc5 Be7 49. Nd3 Bd6 50. Ke3 Kc2 51. f4 Bc7 52. f5 gxf5 53. gxf5 Bd8 54.
Ne5 Kb2 55. Kd3 Kxa2 56. Kc2 h5 57. Nd7 h4 58. Ne5 Be7 59. Nc4 Bf6 60. Nd2 Be5
61. Ne4 Bd4 62. f6 Bxf6 63. Nxf6 Ka1 64. Ne4 a2 65. Kb3 Kb1 66. Nc3+ Kc1 67.
Nxa2+ Kd2 68. Nc3 Ke3 69. Kc4 Kf3 70. Kd3 Kg3 71. Ke3 Kxh3 72. Kf3 Kh2 73. Ne2
Kh3 74. Ng1+ Kh2 75. Kf2 Kh1 76. Nh3 Kh2 77. Ng5 Kh1 78. Ne4 Kh2 79. Ng5 Kh1 80.
Nf3 h3 81. Nd2 h2 82. Nf1 1/2-1/2